Diccionario de filosofía abreviado /

Guardado en:
Autor Principal: Ferrater Mora, José
Formato: Libro
Publicado: Buenos Aires : Sudamericana, 1984
Edición:15a. ed.
Materias:
Etiquetas: Agregar Etiqueta
Sin Etiquetas, Sea el primero en etiquetar este registro!
LEADER 00520nam a22001815a 4500
001 CEM.cems002482
005 20060221000000.0
008 130507s1984##################000#0#####d
003 CEMS
082 0 4 |a C103 
100 1 |a Ferrater Mora, José 
245 1 0 |a Diccionario de filosofía abreviado /  |c José Ferrater Mora 
250 |a 15a. ed. 
260 |a Buenos Aires :  |b Sudamericana,  |c 1984 
300 |a 478 p. 
653 |a Filosofía 
653 |a Diccionarios 
859 |a CEMS  |b BIB. CEMS - 11 de abril  |h C103  |i F413-1a15  |p 13364.85  |t Ej.1